<The> Evaluation of recession magnitudes in EU countries during the great recession 2008 - 2010
Porovnanie recesie v jednotlivých krajinách EÚ v období rokov 2008-2010. Hlavné zistenia recesie v krajinách EÚ19 a porovnanie s veľkou hospodárskou krízou v rokoch 1930 a s veľkou recesiou v USA. Použitie lineárneho ekonometrického modelu.
Gespeichert in:
| 1. Verfasser: | |
|---|---|
| Format: | Buchkapitel |
| Sprache: | Englisch |
| Schlagworte: | |
| Tags: |
Keine Tags, Fügen Sie das erste Tag hinzu!
|
MARC
| LEADER | 00000naa a2200000 4500 | ||
|---|---|---|---|
| 001 | 0225043 | ||
| 005 | 20221129080342.3 | ||
| 041 | 0 | |a eng | |
| 044 | |a CZ | ||
| 245 | 1 | 0 | |a <The> Evaluation of recession magnitudes in EU countries during the great recession 2008 - 2010 |c Jiří Mazurek |
| 520 | |a Porovnanie recesie v jednotlivých krajinách EÚ v období rokov 2008-2010. Hlavné zistenia recesie v krajinách EÚ19 a porovnanie s veľkou hospodárskou krízou v rokoch 1930 a s veľkou recesiou v USA. Použitie lineárneho ekonometrického modelu. | ||
| 610 | 2 | 0 | |a Európska únia |
| 610 | 2 | 0 | |a recesia |
| 610 | 2 | 0 | |a kríza finančná |
| 610 | 2 | 0 | |a kríza hospodárska |
| 610 | 2 | 0 | |a pohyb cyklický hospodárstva |
| 610 | 2 | 0 | |a modely ekonometrické |
| 610 | 2 | 0 | |a analýzy |
| 100 | 1 | |a Mazurek, Jiří | |